Internal Factors Strategically Influencing Growth of Savings and Credit Cooperatives in Uasin Gishu County (Record no. 217111)

MARC details
000 -LEADER
fixed length control field 00687nam a22001577a 4500
008 - FIXED-LENGTH DATA ELEMENTS--GENERAL INFORMATION
fixed length control field 260512b |||||||| |||| 00| 0 eng d
050 ## - LIBRARY OF CONGRESS CALL NUMBER
Classification number THE HG 2059 .K4 C44 2025
Item number C.1
100 ## - MAIN ENTRY--PERSONAL NAME
Personal name Chebet, Milka
245 ## - TITLE STATEMENT
Title Internal Factors Strategically Influencing Growth of Savings and Credit Cooperatives in Uasin Gishu County
260 ## - PUBLICATION, DISTRIBUTION, ETC.
Place of publication, distribution, etc. Kisii
Name of publisher, distributor, etc. Kisii University
Date of publication, distribution, etc. 2025
300 ## - PHYSICAL DESCRIPTION
Extent xiv, 131p.:ill.
500 ## - GENERAL NOTE
General note Includes bibliographical references
650 ## - SUBJECT ADDED ENTRY
Topical term or geographic name entry element 1. Savings and credit cooperatives - Kenya - Uasin Gishu County. 2. Cooperative societies - Kenya - Growth strategies. 3. Business performance - Kenya - Cooperative enterprises.
942 ## - ADDED ENTRY ELEMENTS (KOHA)
Source of classification or shelving scheme Library of Congress Classification
Koha item type Reference
Holdings
Withdrawn status Lost status Source of classification or shelving scheme Damaged status Not for loan Collection Home library Current library Date acquired Inventory number Total checkouts Full call number Barcode Date last seen Copy number Price effective from Koha item type
    Library of Congress Classification     Special Research Kisii University Library Kisii University Library 05/12/2026 113312   THE HG 2059 .K4 C44 2025 A002040 05/12/2026 C.1 05/12/2026 Reference